Science Quiz

Random Science or Letter Quiz

'K' Natural World Quiz Stats

 Plays Quiz Updated Aug 18, 2018

Also try: 'H' Natural World
Challenge
Share
Tweet
Embed
Score 0/21 Timer 05:00
4 Plays Today
Hint Answer % Correct
Which Australian marsupial feeds mostly on eucalyptus leaves?Koala
93.9%
Which large Australian marsupial has a long powerful tail and strongly developed hindlimbs? Kangaroo
93.7%
What name is given to a young goat?Kid
93.7%
Which chicken-sized flightless bird is native to New Zealand and shares its name with a fruit?Kiwi
92.1%
Which vitamin-heavy salad ingredient, also known as leaf cabbage, can be grown in both green and purple varieties?Kale
86.7%
Which organs, shaped like beans in humans, regulate nutrients and filter waste from the bloodstream to create urine?Kidneys
81.7%
The world's largest lizard, found only in the Indonesian islands, is known as what?Komodo Dragon
81.6%
The largest member of the dolphin family, this black and white apex predator is often known by what name?Killer Whale
80%
Which large seaweed grows in underwater 'forests' and has a long stalk divided into strips?Kelp
79.5%
Which ornamental common carp was originally bred in Japan?Koi
79%
What is the taxonomic ranking between 'domain' and 'phylum?' e.g. 'plant' or 'animal'Kingdom
77.5%
Hint Answer % Correct
Which small shrimp-like planktonic crustacean of the open seas is eaten by a number of whales?Krill
75.1%
Which fibrous protein forms the main constituent of hair, hoofs, claws, and horns?Keratin
73.3%
Which brown or grizzly bear is found on islands to the south of Alaska?Kodiak Bear
67.8%
Which bird is often brightly colored and typically dives for fish from a perch?Kingfisher
59%
Which large Australian bird used to be called the 'laughing jackass'?Kookaburra
51.4%
What name is given to the usually edible part contained within the shell of a nut or seed?Kernel
50.3%
Which fruit, similar to an orange but smaller, has an edible sweet rind and acid pulp?Kumquat
48.7%
Which small falcon with pointed wings and a long tail typically hovers while searching for prey on the ground?Kestrel
47.3%
Black-eared, Red, and Swallow-tailed are all types of which small- to medium-sized bird of prey?Kite
44.7%
Which African antelope is known for its twisting horns and vertical stripes along its torso?Kudu
23.7%

You're not logged in!

Compare scores with friends on all Sporcle quizzes.
OR
Log In

You Might Also Like...

Show Comments

Extras

Top Quizzes Today


Score Distribution

Your Account Isn't Verified!

In order to create a playlist on Sporcle, you need to verify the email address you used during registration. Go to your Sporcle Settings to finish the process.

Report this User

Report this user for behavior that violates our Community Guidelines.

Details: